Plus grandes villes de France comportant un Z - Statistiques

Statistiques générales
  • Ce quiz a été pris 68 fois
  • Le résultat moyen est 7 sur 15
Statistiques - réponses
Population Département Ville % Correct
121 000 57 Metz
95%
80 500 34 Béziers
79%
46 500 08 Charleville-Mézières
76%
24 000 12 Rodez
76%
72 000 44 Saint-Nazaire
69%
26 000 64 Biarritz
55%
43 000 44 Rezé
55%
25 500 18 Vierzon
53%
23 000 52 Saint-Dizier
35%
22 000 57 Montigny-lès-Metz
32%
21 500 59 Hazebrouck
18%
36 000 69 Meyzieu
18%
25 000 34 Castelnau-le-Lez
16%
32 000 95 Bezons
13%
22 500 78 Vélizy-Villacoublay
11%
Aucun quiz correspondant
Distribution des résultats
% des personnes avec chaque résultat
Percentile par nombre de réponses
Votre historique - résultats
Vous n’avez pas pris ce quiz